[Event "Haarlem AKN op 06th"]
[Site "Haarlem"]
[Date "1997.??.??"]
[Round "3"]
[White "De Brouwer, Rolf"]
[Black "Shpilker, Boris"]
[Result "0-1"]
[WhiteElo "1950"]
[BlackElo "2370"]
[PlyCount "85"]
[EventDate "1997.06.26"]
[EventType "swiss"]
[EventRounds "6"]
[EventCountry "NED"]
[SourceTitle "EXT 2001"]
[Source "ChessBase"]
[SourceDate "2000.11.22"]
[SourceVersion "1"]
[SourceVersionDate "2000.11.22"]
[SourceQuality "1"]

1. e4 d6 2. d4 g6 3. Nc3 Bg7 4. Be2 c6 5. Nf3 Nf6 6. 0-0 0-0 7. h3 Nbd7 8. Bf4 Qa5 9. Rb1 e5 10. b4 Qc7 11. Bh2 Re8 12. b5 Qa5 13. dxe5 dxe5 14. Qe1 Nh5 15. Bc4 h6 16. Nh4 Nf8 17. Qe3 Nf4 18. Ne2 Be6 19. Bxe6 N8xe6 20. Nxf4 exf4 21. Qb3 Nd4 22. Qc4 cxb5 23. Qd3 Qxa2 24. Nf3 Nxf3+ 25. Qxf3 a6 26. Bxf4 Qxc2 27. e5 Bxe5 28. Bxh6 Qc6 29. Qb3 Rad8 30. Rfc1 Qd5 31. Qa3 Bd6 32. Qc3 Qe5 33. Qxe5 Bxe5 34. Be3 f5 35. g3 Rd7 36. Bg5 Kf7 37. h4 Bf6 38. Bf4 Re2 39. Be3 Rb2 40. Kg2 Rxb1 41. Rxb1 Bc3 42. Rb3 b4 43. Bb6 0-1

[Event "Haarlem AKN op 06th"]
[Site "Haarlem"]
[Date "1997.??.??"]
[Round "2"]
[White "De Brouwer, Rolf"]
[Black "Van der Weijden, EP."]
[Result "1-0"]
[WhiteElo "1950"]
[BlackElo "1650"]
[PlyCount "87"]
[EventDate "1997.06.26"]
[EventType "swiss"]
[EventRounds "6"]
[EventCountry "NED"]
[SourceTitle "EXT 2001"]
[Source "ChessBase"]
[SourceDate "2000.11.22"]
[SourceVersion "1"]
[SourceVersionDate "2000.11.22"]
[SourceQuality "1"]

1. e4 c5 2. f4 d6 3. Nf3 Nc6 4. Be2 g6 5. 0-0 Bg7 6. c3 Nf6 7. Qc2 0-0 8. a3 a5 9. f5 Qb6 10. fxg6 fxg6 11. Bc4+ Kh8 12. d3 Bg4 13. Be3 Bxf3 14. gxf3 Ne5 15. Nd2 Nxc4 16. Nxc4 Qc6 17. Bg5 b5 18. Ne3 e5 19. Qg2 Nh5 20. Nd5 Bf6 21. c4 bxc4 22. dxc4 Bxg5 23. Qxg5 Nf4 24. Qh6 Nxd5 25. cxd5 Qb7 26. Rf2 Rf4 27. Raf1 Raf8 28. Qh3 Qe7 29. Rg2 Qf6 30. Rgf2 Rh4 31. Qg3 Qe7 32. f4 h5 33. fxe5 Rxf2 34. Qxf2 dxe5 35. Qe3 Rg4+ 36. Kh1 Kg7 37. Rc1 Qf8 38. h3 Rf4 39. Rxc5 Rf1+ 40. Kg2 Rb1 41. Rc4 Kg8 42. Rc2 Qf1+ 43. Kg3 Re1 44. Rc8+ 1-0